Un Funcionario ejemplar : más de cincuenta y dos años al servicio de la Diputación Provincial / más de cincuenta y dos años al servicio de la Diputación Provincial /
Colección:
San Jorge,
; núm. 5 (gener 1952), pàg 51
Idioma:
Español
MARC
| LEADER | 00000naa a2200000 a 4500 | ||
|---|---|---|---|
| 003 | Arxiu | ||
| 005 | 20260324181027.0 | ||
| 008 | 160829s1952 spcaxx s0 spa c | ||
| 040 | |a agdb | ||
| 100 | 1 | |a Hernández, Tomás, |d 1919-2013 |9 20277 | |
| 245 | 1 | 3 | |a Un Funcionario ejemplar : |b más de cincuenta y dos años al servicio de la Diputación Provincial / |c Tomás Hernández |
| 490 | |a San Jorge, |v núm. 5 (gener 1952), pàg 51 | ||
| 610 | 1 | 0 | |a Barcelona (Catalunya : Província). |b Diputació |x Funcionaris i empleats |9 54684 |
| 773 | |g Núm. 5 (gener 1952), pàg 51 |t San Jorge. | ||
| 901 | |a Arxiu | ||
| 942 | |n 1 |2 udc |c ART | ||
| 952 | |0 0 |1 0 |4 0 |6 REV508 |7 1 |9 64627 |a Arxiu |b Arxiu |d 2022-12-02 |l 0 |o Rev-508 |r 2022-12-02 00:00:00 |w 2022-12-02 |y ARXIU |z També disponible a Rev-521 | ||
| 999 | |c 44208 |d 44208 | ||